LIBRARY & INFORMATION CENTRE, KCAET, TAVANUR

ONLINE PUBLIC ACCESS CATALOGUE (OPAC)

Numerical Analysis / (Record no. 13042)

MARC details
000 -LEADER
fixed length control field 00370cam a2200145ua 4500
020 ## - INTERNATIONAL STANDARD BOOK NUMBER
ISBN 81-315-0137-X
082 ## - DEWEY DECIMAL CLASSIFICATION NUMBER
Classification number 515
Item number BUR/NU
100 ## - MAIN ENTRY--AUTHOR NAME
Personal name Burden , Richard L .
100 ## - MAIN ENTRY--AUTHOR NAME
Personal name Faires , Douglas J .
245 ## - TITLE STATEMENT
Title Numerical Analysis /
250 ## - EDITION STATEMENT
Edition statement 7 /
260 ## - PUBLICATION, DISTRIBUTION, ETC. (IMPRINT)
Place of publication Australia :
Name of publisher Thomson Brookes I Code ,
Year of publication 2007.
300 ## - PHYSICAL DESCRIPTION
Number of Pages 765 , 841
942 ## - ADDED ENTRY ELEMENTS (KOHA)
Koha item type Book Bank scheme for SC students
Holdings
Withdrawn status Lost status Damaged status Home library Current library Shelving location Date acquired Source of acquisition Cost, normal purchase price Full call number Accession Number Koha item type
      KAUAET KAUAET Scheme 07/04/2012 Penta Books. 575.00 515 BUR/NU BB 91 Book Bank scheme for SC students
      KAUAET KAUAET Scheme 07/04/2012 Penta Books. 575.00 515 BUR/NU BB 90 Book Bank scheme for SC students
free website counter